Biblioteca "Ernesto Sabato"
Facultad de Derecho y Ciencias Sociales
Facultad de Lenguas
Universidad Nacional del Comahue

El sistema penal español como el ambito menos conocido del control social (Record no. 21069)

MARC details
000 -CABECERA
campo de control de longitud fija 00559caa a22001572a 4500
001 - NÚMERO DE CONTROL
campo de control 015311
003 - IDENTIFICADOR DEL NÚMERO DE CONTROL
campo de control AR-FADEU
008 - DATOS DE LONGITUD FIJA--INFORMACIÓN GENERAL
campo de control de longitud fija 311216n########xxu####################dd
092 ## - ASIGNACIÓN LOCAL DE SIGNATURA TOPOGRÁFICA DEWEY (OCLC)
Número de clasificación 365.3
Número de documento/Ítem C961
100 ## - ENTRADA PRINCIPAL--NOMBRE DE PERSONA
Nombre de persona Bergalli, Roberto
245 ## - MENCIÓN DE TÍTULO
Título El sistema penal español como el ambito menos conocido del control social
300 ## - DESCRIPCIÓN FÍSICA
Extensión PP. 129-147
500 ## - NOTA GENERAL
Nota general En: Cuadernos de la carcel / comp. Mary Ana Beloff. Buenos Aires : La Galera, 1991
773 0# - ENLACE AL DOCUMENTO FUENTE/ENTRADA DE REGISTRO ANFITRIÓN
Número bibliográfico anfitrión 21061
Número de ítem anfitrión 20729
Encabezamiento principal
Edición
Lugar, editor y fecha de publicación Buenos Aires
Otro identificador del documento 16706
Título CUADERNOS de la carcel
Número de control del registro ( AR-FADEU) 015303
Número Internacional Normalizado para Publicaciones Seriadas
Número Internacional Estándar del Libro
942 ## - ELEMENTOS DE PUNTO DE ACCESO ADICIONAL (KOHA)
Tipo de ítem Koha BDGR

No items available.

Facultad de Derecho y Ciencias Sociales | Universidad Nacional del Comahue | Mendoza y Perú General Roca | Río Negro CP (8332) | Patagonia Argentina | Teléfono: 54-0298-4433670 | | Fax: 0298-4432093 | Fax alumnos: 0298-4435700